Paradojas : ciencia en la ciencia-ficción /

Libro que utiliza la ciencia-ficción como elemento referencial para una actividad de divulgación científica. Esta narrativa nos presenta especulaciones muy arriesgadas, francamente intencionadas que nos hacen meditar sobre nuestro mundo y nuestra organización social, o sobre los efectos y las consec...

Descripción completa

Guardado en:
Detalles Bibliográficos
Autor principal: Barceló, Miquel (autor)
Formato: Libro
Idioma:Español
Publicado: Madrid, España : Equipo Sirius, 2000, c2000
Colección:(Colección Tau ; 1)
Temas:
Etiquetas: Agrega una etiqueta
Sin etiquetas, Sé el primero en etiquetar este registro!

MARC

LEADER 00000nam^a2200000^a^4500
001 000129023
005 20250521000000.0
009 20260310094858.592
020 |a 84-95495-03-1 
037 |a Acervo ITESO - Biblioteca 
041 |a ESP 
082 |a 520.  |b BAR 
100 |a Barceló, Miquel  |e (autor) 
245 1 0 |a Paradojas :  |b ciencia en la ciencia-ficción /  |c M. Barceló ; pról. de Jorge Ruiz Morales. 
264 4 |a Madrid, España :  |b Equipo Sirius,  |c 2000, c2000 
300 |a 223 p. 
336 |a texto  |b txt  |2 rdacontenido 
337 |a sin mediación  |b n  |2 rdamedio 
338 |a volumen  |b nc  |2 rdasoporte 
440 1 |a (Colección Tau ;  |v 1) 
520 |a Libro que utiliza la ciencia-ficción como elemento referencial para una actividad de divulgación científica. Esta narrativa nos presenta especulaciones muy arriesgadas, francamente intencionadas que nos hacen meditar sobre nuestro mundo y nuestra organización social, o sobre los efectos y las consecuencias de la ciencia y la tecnología en las sociedades que la utilizan. Temas como el origen del universo, los viajes espaciales, Dios y el universo; las nuevas tecnologías y ficciones científicas son abordados por el autor, ingeniero en aeronáutica, diplomado en energía nuclear y doctor en sistemas. 
649 |a XX 
650 |a Dios 
650 |a Universo 
650 |a Entropía 
650 |a Cosmogonía 
650 |a Cosmología 
650 |a Literatura y Ciencia 
650 |a Ciencia-Ficción 
650 |a Ciencia 
650 |a Metafísica 
650 |a Astronomía 
910 |a Fondo General 
920 |a Impresos - Libros 
930 |a Colección General 
905 |a 101 
901 |a 0500059567  |b IT1  |c ACC  |u 20250521 
902 |a https://opac.biblio.iteso.mx/vufind/Record/000129023